Queen Nefertari : the most beautiful of them /

محفوظ في:

المؤلف الرئيسي: Māhir Ṭāhā, Maḥmūd (مؤلف)

التنسيق: كتاب

اللغة: English

منشور في: Egypt : Ministry of culture, [2001].

سلاسل: Prism archaeological series ; 7.

الموضوعات:

الوسوم: إضافة وسم

لا توجد وسوم, كن أول من يضع وسما على هذه التسجيلة!

رقم الطلب: DT43 .E74 P75 v.7

LEADER 01001namaa2200289 4500
001 8504
003 OSt
005 20260316094239.0
008 130303s2001 ua abe b 000 0ceng d
035 |a ocm49548319 
040 |c ARCE Library 
043 |a f-ua--- 
050 4 |a DT43 .E74 P75 v.7 
100 1 |a Māhir Ṭāhā, Maḥmūd,  |e author 
245 1 0 |a Queen Nefertari :   |b the most beautiful of them /   |c Mahmoud Maher Taha. 
246 1 4 |a Nefertari, the most beautiful of them. 
264 1 |a Egypt :  |b Ministry of culture,  |c [2001]. 
300 |a 135 pages :  |b color illustrations, map, plans ;  |c 31 cm. 
490 1 |a Prism archaeological series ;   |v 7. 
504 |a Includes bibliographical references (p. 134-135) 
600 0 0 |a Nefertari,  |c Queen, consort of Ramses II, King of Egypt.  |9 36813 
600 0 0 |a Ramses  |b II,  |c King of Egypt. 
651 0 |a Valley of the Queens (Egypt)  |x Antiquities. 
830 0 |a Prism archaeological series ;   |v 7. 
901 |a reviewed 
942 |c BK  |2 lcc 
999 |c 4006  |d 4006